000 00839nam a22002897a 4500
003 CHAP
005 20220329134859.0
008 971013s1970 r 00010 d
010 _a27406
011 _a28378
035 _a32482
040 _cCHAP
082 _a519.537
_bK4 1970
100 0 0 _aKendall, Maurice George.
_963012
245 _aRank correlations methods
250 _a4 ed.
260 _aLondon :
_bGriffin,
_c1970
300 _a202 p.
590 _aBATCH-UPD
_b10
_c20130110
_lUCH01
_h2058
590 _aBATCH-UPD
_b10
_c20130410
_lUCH01
_h1411
590 _aBATCH-UPD
_b10
_c20130914
_lUCH01
_h1109
590 _aCONVERSION
_b10
_c20130109
_lUCH01
_h1316
650 1 4 _aCorrelaciones (Matemáticas)
_928247
901 _aBK
942 _cLIBRO
949 _a519.537 K4 1970
_bBC
_cLIBRO
_d33724000144234
_eLIBRO
_h34446
_i32482
_si
999 _c27406
_d27406